| 000 | 00602nam a2200205 a 4500 | ||
|---|---|---|---|
| 001 | 000038072 | ||
| 003 | DO-SdBNP | ||
| 005 | 20220331120147.0 | ||
| 007 | ta | ||
| 008 | 130312s1994 dr a 000 0 spa d | ||
| 040 |
_aDO-SdBNP _bspa _cBNPHU |
||
| 082 | 4 | _b22 | |
| 100 | 1 |
_aVelázquez-Mainardi, M. A. _917435 |
|
| 245 | 1 | 0 |
_aCulpables de la deuda externa / _cM. A. Velázquez-Mainardi. |
| 260 |
_aSanto Domingo : _bTaller-3, _c1994. |
||
| 300 |
_a212 p. : _bil. ; _c21 cm. |
||
| 500 | _aBreve biografía del autor en la solapa de la cubierta | ||
| 590 | _aInventariado, 2022/BT | ||
| 942 |
_2ddc _cLBS1 |
||
| 999 |
_c37562 _d37562 |
||